000 00887nam a22003011i 4500
999 _c2083
_d2083
001 018552722
003 Uk
005 20230306095030.0
008 200810s2017 enkab j 001|0|eng|d
015 _aGBC0E0617
_2bnb
016 7 _a018552722
_2Uk
020 _a9781786173324 (paperback) :
040 _aStDuBDS
_beng
_cStDuBDS
_erda
_dKH8
042 _aukblsr
082 0 4 _a032.02 BRO
_223
245 0 0 _aFantastic facts.
264 1 _aThaxted, Essex :
_bMiles Kelly,
_c2017.
300 _a384 pages :
_billustrations (colour), maps (colour) ;
_c23 cm
336 _atext
_2rdacontent
336 _astill image
_2rdacontent
336 _acartographic image
_2rdacontent
337 _aunmediated
_2rdamedia
338 _avolume
_2rdacarrier
500 _aIncludes index.
650 0 _aChildren's questions and answers.
700 _aBromage, Fran
_eSenior Editor
942 _2ddc
_cNFIC